| 000 | 01103nam a22003497a 4500 | ||
|---|---|---|---|
| 001 | BR0203549 | ||
| 003 | BR-BrBNA | ||
| 005 | 20230928101115.0 | ||
| 007 | ta | ||
| 008 | 230509b bl.||||| |||| 00| 0 por d | ||
| 040 |
_aBR-BrBNA _bpor _cBiblioteca Nacional de Agricultura |
||
| 041 | _a(Por) | ||
| 072 |
_aK10; P10 _b3140 |
||
| 090 | _ 3140 BR0203549 | ||
| 100 | 1 | _aOki, V.K. | |
| 110 | 1 |
_aEscola Superior de Agricultura Luiz de Queiroz, Piracicaba, SP (Brasil) _0Tese (Mestre em Ciências) |
|
| 245 | 1 | _aImpactos da colheita de Pinus taeda sobre o balanço hídrico, a qualidade da água e a ciclagem de nutrientes em microbacias | |
| 260 | 3 |
_aPiracicaba, SP (Brasil): _c2002. |
|
| 300 | _a71 p. | ||
| 500 | _aSummaries (Eng, Por); Bibliography p. 64-71; 28 illus.; 7 tables | ||
| 650 | _aPINHEIRO | ||
| 650 | _aCOLHEITA | ||
| 650 | _aBALANÇO HÍDRICO | ||
| 650 | _aNUTRIENTE | ||
| 650 | _aRECICLAGEM | ||
| 650 | _aQUALIDADE DA ÁGUA | ||
| 650 | _aNUTRIÇÃO VEGETAL | ||
| 650 | _aSOLO | ||
| 650 | _aEROSÃO HÍDRICA | ||
| 909 |
_a202309 _bLucia _c55 _dLucia Elande |
||
| 942 | _cBK | ||
| 999 |
_c64292 _d64292 |
||